000
00225nam a22000857a 4500
008
160917b xxu||||| |||| 00| 0 eng d
100
_9
637
_a
Jain.R.K.
245
_a
English Communicative
260
_a
New Delhi
_b
APC Publications
_c
2010
999
_c
3296
_d
3296